Пасхальный стол. Традиции, обычаи, кулинарные рецепты

Bibliografische gegevens
Hoofdauteur: Ивашкевич Н. П. Наталья Павловна
Samenvatting:На обл. авт. не указан
Taal:Russisch
Gepubliceerd in: Ленинград, Смарт, 1990
Onderwerpen:
Formaat: Boek
KOHA link:https://koha.lib.tpu.ru/cgi-bin/koha/opac-detail.pl?biblionumber=225011

MARC

LEADER 00000nam0a2200000 4500
001 225011
005 20231101230631.0
020 |a RU  |b 90-24673 
035 |a (RuTPU)RU\TPU\book\245339 
090 |a 225011 
100 |a 20121101d1990 m y0rusy5003 ca 
101 0 |a rus 
102 |a RU 
105 |a y z 000zy 
200 1 |a Пасхальный стол. Традиции, обычаи, кулинарные рецепты  |f Н. П. Ивашкевич 
210 |a Ленинград  |c Смарт  |d 1990 
215 |a 22 с.  |d 20 см 
300 |a На обл. авт. не указан 
606 1 |a Праздники религиозные  |x Христианство  |2 stltpush  |3 (RuTPU)RU\TPU\subj\51090  |9 69700 
610 1 |a Пасха 
610 1 |a пасхальные блюда 
610 1 |a традиции 
610 1 |a обычаи 
675 |a 64  |z rus  |v 3 
686 |a Э37-51  |2 rubbk 
700 1 |a Ивашкевич  |b Н. П.  |g Наталья Павловна  |4 070 
801 0 |a RU  |b RuMRKP  |c 19950417  |g psbo 
801 1 |a RU  |b 63413507  |c 20121101 
801 2 |a RU  |b 63413507  |c 20121115  |g RCR 
942 |c BK